|
|
|
|
| LEADER |
00000cam a2200000 7i4500 |
| 001 |
0000000071 |
| 005 |
20000628.0 |
| 020 |
0 |
0 |
|a 9834012608
|
| 090 |
0 |
0 |
|a 551.3020709595
|b ROS 1999
|
| 100 |
0 |
0 |
|a ROSLAN Zainal Abidin
|c 1958 -
|
| 245 |
1 |
0 |
|a Compilation of presented research papers on soil erosion issues in Malaysia
|c Dr. Roslan Zainal Abidin and Tew Kia Hui
|
| 250 |
0 |
0 |
|a 2nd ed.
|
| 260 |
0 |
0 |
|a Subang Jaya, Selangor :
|b VT Soil Erosion Research & Consultancy ,
|c 1999
|
| 300 |
|
|
|a xxviii, 315 p. :
|b col. ill. ;
|c 30 cm.
|
| 500 |
0 |
0 |
|a Includes bibliographical references
|
| 650 |
0 |
0 |
|a Soil erosion
|x Research
|z Cameron Highlands
|
| 650 |
0 |
0 |
|a Soil erosion
|x Research
|z Malaysia
|
| 700 |
0 |
1 |
|a Tew
|h Kia Hui ,
|c 1971 -
|
| 999 |
|
|
|a 0000001299
|b Monograph
|c Open Shelf
|e Default branch
|